| 000 | 00000nam 2200000zi 4500 |
| 001 | 9.895042 |
| 003 | CaOODSP |
| 005 | 20221107173920 |
| 006 | m o d f |
| 007 | cr cn||||||||| |
| 008 | 210105t20212021quca o f100 0 eng d |
| 020 | |a9780660370484 |
| 040 | |aCaOODSP|beng|erda|cCaOODSP |
| 043 | |an-cn--- |
| 086 | 1 |aEn4-296/2019E-PDF |
| 111 | 2 |aBiennial CABIN Forum |n(5th : |d2019 : |cYellowknife, N.W.T.) |
| 245 | 10|aCanadian Aquatic Biomonitoring Network : |b5th Biennial CABIN Forum : forum proceedings : October 23-24, 2019, Yellowknife, Northwest Territories. |
| 264 | 1|aGatineau QC : |bEnvironment and Climate Change Canada = Environnement et changement climatique Canada, |c[2021] |
| 264 | 4|c©2021 |
| 300 | |a1 online resource (24 pages) : |ccolour illustrations |
| 336 | |atext|btxt|2rdacontent |
| 337 | |acomputer|bc|2rdamedia |
| 338 | |aonline resource|bcr|2rdacarrier |
| 500 | |aIssued also in French under title: Réseau canadien de biosurveillance aquatique : 5e Forum bisannuel du RCBA : compte rendu du forum : les 23 et 24 octobre 2019, Yellowknife, Territoires du Nord-Ouest. |
| 650 | 0|aFreshwater ecology|zCanada|vCongresses. |
| 650 | 0|aBiological monitoring|zCanada|vCongresses. |
| 655 | 7|aConference papers and proceedings|2lcgft |
| 710 | 2 |aCanadian Aquatic Biomonitoring Network, |eissuing body. |
| 710 | 1 |aCanada. |bEnvironment and Climate Change Canada, |eissuing body. |
| 775 | 08|tRéseau canadien de biosurveillance aquatique : |w(CaOODSP)9.895044 |
| 856 | 40|qPDF|s1.52 MB|uhttps://publications.gc.ca/collections/collection_2021/eccc/En4-296-2019-eng.pdf |